| 000 | 00557nam a22001937a 4500 | ||
|---|---|---|---|
| 005 | 20260311122607.0 | ||
| 008 | 260311b |||||||| |||| 00| 0 eng d | ||
| 037 | _cDSWL | ||
| 040 |
_aDSWL _cDSWL |
||
| 041 | _hHindi | ||
| 084 | _aY350aX:74 Q4 | ||
| 100 |
_aरवि, राजेंद्र _91131654 |
||
| 245 | _aसाइकिल गाथा | ||
| 260 |
_aNew Delhi, _bIDS, _c2014 |
||
| 300 | _a188p | ||
| 365 |
_aINR _b360 |
||
| 942 |
_2CC _cTEXL _hY350aX:74 Q4 _n0 |
||
| 999 |
_c1715107 _d1715107 |
||